000 00782nam a2200217 i 4500
001 bg
245 0 0 _aDefiniowanie przestrzeni architektonicznej :
_bmiędzynarodowa konferencja naukowa Instytutu Projektowania Architektonicznego ; Kraków, 23-24 listopada 2001 roku /
_cInstytut Projektowania Architektonicznego. Wydział Architektury Politechniki Krakowskiej.
260 _aKraków :
_bPK,
_c2001.
300 _a222 s. :
_bil. ;
_c23 cm.
504 _aBibliogr. przy ref.
650 9 _aArchitektura
_xzagadnienia
650 9 _aUrbanistyka
_xzagadnienia
655 _aMateriały konferencyjne
020 _a8386774134
040 _cBPK
041 0 _apl
080 _a72:711.4/.8](061)
920 _a83-86774-13-4
942 _cKS
008 s pl f |000 0 pol
999 _c40605
_d40605
856 _uhttp://koha.tu.koszalin.pl/cgi-bin/koha/opac-detail.pl?biblionumber=40605
_yKatalog online BPK